| 000 | 00792nac a22001691u 4500 | ||
|---|---|---|---|
| 008 | 101027s1948 xxu||||| |||| 00| 0 ara d | ||
| 082 |
_a245 _bغ ر ا |
||
| 100 | 1 |
_aالغرابى ، على مصطفى _920689 |
|
| 245 |
_aتاريخ الفرق الأسلامية : _bونشأة علم الكلام عند المسلمين / _cعلى مصطفى الغرابى |
||
| 260 |
_aالقاهرة : _bمكتبة الحسينيه ،1948 _c1948. |
||
| 300 |
_a327 ص ؛ _c24 سم. |
||
| 511 | _aCatalogued by: Sara | ||
| 650 |
_aالفرق الإسلامية _913294 |
||
| 650 |
_aعلم الكلام _916065 |
||
| 942 |
_cBB _k245 غ ر ا _2ddc |
||
| 999 |
_c7471 _d7471 |
||